| 000 | 00557cab a2200217 4500 | ||
|---|---|---|---|
| 001 | WB3309-31 | ||
| 008 | 090401t1997 xxu||||| |||| 00| 0 eng d | ||
| 035 | _a(Sirsi) u59859 | ||
| 041 | _aeng | ||
| 245 | _aScottish Homes new structure | ||
| 260 | _c1997 | ||
| 350 | _a0 | ||
| 490 |
_aHerald _v21 February 1997, 8(1) |
||
| 520 | _aScottish Homes is reviewing its management structure. | ||
| 650 | _aHOUSING MANAGEMENT | ||
| 650 | _aSCOTLAND | ||
| 650 | _aSCOTTISH HOMES | ||
| 690 |
_aBlock management _96220 |
||
| 942 | _n0 | ||
| 948 | _c04/03/1997 | ||
| 999 |
_c36814 _d36814 |
||